00937cam a2200229 a 450000100100000000500170001000800410002704000300006808200190009810000260011724500940014326000800023730000350031765000540035265000570040665000310046370000300049491000340052404900090055895201230056799900170069000001527220250717131055.0840512s1964 sp ab 001 0 spa d aDO-SdBNPbspacDLCdBNPHU a230.071bG492s1 aGiner, Carlos.93454910aLo social y yo :btexto de doctrina social católica /cCarlos Giner, Dionisio Aranzadi. aBilbao, España :bEditorial El mensajero del corazón de jesús,c1964. a287 p. :bil., mapas ;c22 cm. 4aSociología cristianaxIglesia católica934550 4aSociología cristianaxEnseñanza pontificia98585 0aEducación religiosa96821 aAranzadi, Dionisio934551 aCatalogación por copia / LC aBNGR 001054708MOaGRbGRcCTd2010-02-03iLF1l0o230.071 G492sp15272-10r2020-06-25w2020-06-25y4ZPréstamo en sala c14838d14838